000 00739nam a2200289 a 4500
001 33472
003 AR-BaAGN
005 20231116150747.0
007 ta
008 220625s1998 ag |||||r|||| ||||||spa d
020 _a950-503-232-3
040 _dAR-BaAGN
_aAR-BaAGN
_bspa
_eaacr
100 1 _aEsquiú, Mamerto Fray
245 1 0 _aSermones de un patriota
250 _a1ª ed.
260 _aBuenos Aires :
_bSecretaría de Cultura,
_c1998.
300 _a79 páginas
336 _2rdacontent
_btxt
337 _2rdamedia
_bn
338 _2rdacarrier
_bnc
490 0 _aIdentidad nacional ;
_v42
651 4 _aArgentina
_93645
700 1 _aCortés, Juan Alberto
_eaui
942 _cLIBRO
999 _c33472
_d33472